(Registro nro. 3377)

Detalles MARC
000 -CABECERA
campo de control de longitud fija 01315nam a22002777a 4500
003 - IDENTIFICADOR DEL NÚMERO DE CONTROL
campo de control AR-RoIUNI
005 - FECHA Y HORA DE LA ÚLTIMA TRANSACCIÓN
campo de control 20161011114803.0
007 - CAMPO FIJO DE DESCRIPCIÓN FÍSICA--INFORMACIÓN GENERAL
campo de control de longitud fija ta
008 - DATOS DE LONGITUD FIJA--INFORMACIÓN GENERAL
campo de control de longitud fija 161011s2006 mx |||||r|||| 00| 0 spa d
020 ## - NÚMERO INTERNACIONAL ESTÁNDAR DEL LIBRO
Número Internacional Estándar del Libro 9703234348
040 ## - FUENTE DE LA CATALOGACIÓN
Centro/agencia transcriptor
080 ## - NÚMERO DE LA CLASIFICACIÓN DECIMAL UNIVERSAL
Número de la Clasificación Decimal Universal 101.9
100 1# - ENTRADA PRINCIPAL--NOMBRE DE PERSONA
Nombre de persona Bouveresse, Jacques,
Fechas asociadas al nombre 1940-
245 10 - MENCIÓN DE TÍTULO
Título Wittgenstein :
Resto del título la modernidad, el progreso y la decadencia /
Mención de responsabilidad, etc. Jacques Bouveresse ; traductores Juan C. González y Margarita M. Valdés.
260 ## - PUBLICACIÓN, DISTRIBUCIÓN, ETC. (PIE DE IMPRENTA)
Lugar de publicación, distribución, etc. México D.F. :
Nombre del editor, distribuidor, etc. UNAM :
-- Instituto de investigaciones filosóficas,
Fecha de publicación, distribución, etc. 2006.
300 ## - DESCRIPCIÓN FÍSICA
Extensión 301 p. ;
Dimensiones 22 cm
490 0# - MENCIÓN DE SERIE
Mención de serie Filosofía contemporánea
504 ## - NOTA DE BIBLIOGRAFÍA, ETC.
Bibliografía, etc.
505 0# - NOTA DE CONTENIDO CON FORMATO
Nota de contenido con formato I. Los últimos días de la humanidad -- II. "En la oscuridad de este tiempo": Wittgenstein y el mundo contemporáneo -- III. Ludwig Wittgenstein: ¿Un "modernista resignado" ? -- IV. Wittgenstein y la arquitectura -- V. El animal ceremonial: Wittgenstein y la antropología -- VI. Wittgenstein, crítico de Frazer -- VII. Antropología y cultura: sobre una posible deuda de Wittgenstein con Goethe y Spengler.<br/>
600 1# - PUNTO DE ACCESO ADICIONAL DE MATERIA--NOMBRE DE PERSONA
Nombre de persona Wittgenstein, Ludwig,
Fechas asociadas al nombre 1889-1951
Subdivisión general CRÍTICA E INTERPRETACIÓN
650 #4 - PUNTO DE ACCESO ADICIONAL DE MATERIA--TÉRMINO DE MATERIA
Término de materia o nombre geográfico como elemento inicial PSICOLOGÍA
650 #4 - PUNTO DE ACCESO ADICIONAL DE MATERIA--TÉRMINO DE MATERIA
Término de materia o nombre geográfico como elemento inicial FILOSOFÍA
700 1# - PUNTO DE ACCESO ADICIONAL--NOMBRE DE PERSONA
Nombre de persona González, Juan C.
700 1# - PUNTO DE ACCESO ADICIONAL--NOMBRE DE PERSONA
Nombre de persona Valdés, Margarita M.
942 ## - ELEMENTOS DE PUNTO DE ACCESO ADICIONAL (KOHA)
Fuente del sistema de clasificación o colocación Clasificación Decimal Universal
Tipo de ítem Koha Libros
Existencias
Estado de retiro Estado de pérdida Fuente del sistema de clasificación o colocación Estado dañado Excepción de préstamo Código de colección Localización permanente Ubicación/localización actual Ubicación en estantería Fecha de adquisición Número de inventario Total de préstamos Signatura topográfica completa Código de barras Fecha visto por última vez Número de copia Precio válido a partir de Tipo de ítem Koha Nota pública
    Clasificación Decimal Universal     Psicología BIBLIOTECA RIOBAMBA BIBLIOTECA RIOBAMBA BIBLIOTECA RIOBAMBA 22/08/2016 3474   101.9 BOU 3474 11/10/2016 1 11/10/2016 Libros Donación Pablo Zöpke